000 00266nam a2200109Ia 4500
008 220204s9999 xx 000 0 und d
082 _a681.31WWW
_bBAU
100 _aBaumgardt
245 0 _aCreative web design
260 _aBerlin
_bSpringer-Verlag
_c1998
942 _cBK
999 _c41673
_d41673